000 00818nam a2200253Ia 4500
003 OSt
005 20220923223310.0
006 a|||||r|||| 00| 0
007 ta
008 220922b |||||||| |||| 00| 0 hin d
024 _a213,130
037 _cTextual
040 _aARTS
_cARTS
_bhin
041 _2hin
_ahin
082 _aO152,3N276x, L3
100 _aकुॅंवर नारायण
245 0 _aआकारांे के आसपास
246 _aĀkārāane ke āsapāsa
260 _aनई दिल्ली
_b राधाकृष्ण प्रका0
_c1973
300 _a121पृ.
_ccm.
650 _aहिन्दी साहित्य
_9156264
942 _hO152,3N276x, L3
_cTEXL
_2CC
999 _c363382
_d363382